| 000 | 01580cam a2200409 a 4500 | ||
|---|---|---|---|
| 999 |
_c173318 _d173318 |
||
| 001 | 1672779 | ||
| 003 | Nust | ||
| 005 | 20180724071539.0 | ||
| 008 | 981002s1999 nyu 000 1 eng | ||
| 010 | _a 98047174 | ||
| 020 |
_a0340924381 _cRs. 476 |
||
| 038 | _aArshad | ||
| 040 |
_aDLC _cDLC _dDLC _dOCoLC _dDLC |
||
| 043 |
_ae-uk-en _ae-ur--- |
||
| 050 | 0 | 0 |
_aPR6062.E33 _bS49 1999 |
| 082 | 0 | 0 |
_a823.914 _bCAR |
| 100 | 1 |
_aLe Carré, John, _d1931- _911818 |
|
| 245 | 1 | 0 |
_aSingle & single : _ba novel / _cJohn Le Carré. |
| 246 | 3 | _aSingle and single | |
| 260 |
_aNew York : _bScribner, _c1999. |
||
| 300 |
_a412 p. ; _c25 cm. |
||
| 650 | 0 |
_aFamily-owned business enterprises _vFiction. _911975 |
|
| 650 | 0 |
_aInvestment bankers _vFiction. _911976 |
|
| 650 | 0 |
_aMoney laundering _vFiction. _911977 |
|
| 650 | 0 |
_aFathers and sons _vFiction. _98008 |
|
| 650 | 0 |
_aOrganized crime _vFiction. _911220 |
|
| 651 | 0 |
_aEngland _vFiction. _91072 |
|
| 651 | 0 |
_aRussia _vFiction. _911978 |
|
| 655 | 7 |
_aAdventure stories. _2gsafd _96723 |
|
| 655 | 7 |
_aDomestic fiction. _2lcsh _94525 |
|
| 856 | 4 | 1 |
_3Sample text _uhttp://www.loc.gov/catdir/samples/simon031/98047174.html |
| 856 | 4 | 2 |
_3Publisher description _uhttp://www.loc.gov/catdir/description/simon033/98047174.html |
| 856 | 4 | 2 |
_3Contributor biographical information _uhttp://www.loc.gov/catdir/enhancements/fy0707/98047174-b.html |
| 906 |
_a7 _bcbc _corignew _d1 _eocip _f19 _gy-gencatlg |
||
| 942 |
_2ddc _cBK |
||